000 01474nam a22003377a 4500
999 _c2169
_d2169
003 AR-CdUCM
008 190304b ||||| |||| 00| 0 spa d
020 _a8430906983
040 _aMUNICIPALIDAD PROVINCIAL DEL CUSCO
_cBIBLIOTECA MUNICIPAL DEL CUSCO
082 _a320.983 /
_bC4
245 _aChile 1970-1973 :
_blecciones de una experiencia /
_cFederico G. Gil; Ricardo Lagos E.; Henry A. Landsberger
260 _aMadrid:
_bTecnos,
_c1977.
300 _a470 páginas ;
_c23 cm.
440 _aSociología.
_97820
505 _aContenido: Primera parte: Los tres años de Allende: un análisis retrospectivo -- Segunda parte: Las causas del desenlace: Puntos de vista en torno al fracaso --Tercera parte: Efectos del golpe militar: repercusión y emergencia del estado autoritario ...
650 _aChile - Política y gobierno
_97821
650 _aChile 1970-1973 - Historia
_97822
650 _aGolpe de estado
_97823
650 _aEnsayos - Política
_97824
700 _aGil G., Federico (Dirección e introducción)
_97825
700 _aLagos E., Ricardo (Dirección e introducción)
_97826
700 _aLandsberger, Henry A. (Dirección e introducción)
_97827
700 _aTapia Videla, Jorge I.
_97828
700 _aAlmeyda Medina, Clodomiro
_97829
700 _aBitar, Sergio
_94096
700 _aBaytelman, David
_97830
700 _aGarcia, Pio
_97831
700 _a... y otros.
_97832
942 _2ddc
_cLIBROS
945 _alccs
_d2019-03-04